Statistics for Saturday Stumper #13

Click here to take the quiz!

General Stats

  • This quiz has been taken 2,175 times
  • The average score is 18 of 24

Answer Stats

HintAnswer% Correct
agicMagic
99%
agicTragic
96%
medyComedy
91%
blemEmblem
91%
vinceConvince
90%
medyRemedy
90%
umnColumn
88%
doxParadox
87%
bustRobust
86%
litaryMilitary
85%
tyrMartyr
80%
vinceProvince
78%
bustCombust
76%
eshFresh
76%
eshFlesh
74%
blemProblem
73%
tyrSatyr
73%
urdAbsurd
70%
litarySolitary
64%
wdCrowd
59%
doxOrthodox
58%
umnAutumn
56%
urdGourd
48%
wdShrewd
37%

Score Distribution

Percentile by Number Answered

Percent of People with Each Score

Your Score History

You have not taken this quiz